000 00560cam a2200181 4500500
005 20260329003920.0
041 _afre
042 _adc
100 1 0 _aPortevin, Catherine
_eauthor
245 0 0 _aLe champignon de la fin du monde
260 _c2017.
500 _a97
690 _aAnna Lowenhaupt Tsing
690 _aAnthropologie
690 _aChampignon
786 0 _nPhilosophie magazine | 112 | 9 | 2017-09-01 | p. 53-53 | 1951-1787
856 4 1 _uhttps://shs.cairn.info/magazine-philosophie-magazine-2017-9-page-53?lang=fr&redirect-ssocas=7080
999 _c1828939
_d1828939